000 00342nam a2200121Ia 4500
005 20260326100028.0
008 260326s9999||||xx |||||||||||||| ||und||
100 _aL'Architecture D' Aujourd' Hui
245 0 _aBrasil /
_cL'Architecture D' Aujourd' Hui
260 _bL'Architecture D'Aujourd' Hui
650 _aARQUITECTURA REGIONAL
942 _cBK
999 _c6512
_d6512